Dual Phase Lock-In Amplifier with Photovoltaic Modules and Quasi-Invariant Common-Mode Signal; Electronics; Vol. 11, iss. 9

Dades bibliogràfiques
Parent link:Electronics
Vol. 11, iss. 9.— 2022.— [1512, 14 p.]
Autor principal: Baranov P. F. Pavel Fedorovich
Autor corporatiu: Национальный исследовательский Томский политехнический университет Инженерная школа неразрушающего контроля и безопасности Отделение электронной инженерии
Altres autors: Zatonov I. A. Ivan Andreevich, Bui Duc Bien
Sumari:Title screen
In measuring small voltage deviations of about 1 µV and lower, it is important to separate useful signals from noise. The measurement of small voltage deviations between the amplitudes of two AC signals in wide frequency and voltage ranges, is performed by using lock-in amplifiers with the differential input as a comparator (null-indicator). The resolution and measurement accuracy of lock-in amplifiers is largely determined by the common-mode rejection ratio in their measuring channel. This work presents a developed differential signal recovery circuit with embedded photovoltaic modules, which allows implementing the dual phase lock-in amplifier with the differential input and quasi-invariant common-mode signal. The obtained metrological parameters of the proposed dual phase analog lock-in amplifier prove its applicability in comparing two signal amplitudes of 10v2 µV to 10v2 V in the frequency range of 20 Hz to 100 kHz with a 10 nV resolution. The proposed dual phase analog lock-in amplifier was characterized by a 130 to 185 dB CMRR in the frequency range up to 100 kHz with 20 nV/vHz white noise.
Idioma:anglès
Publicat: 2022
Matèries:
Accés en línia:http://earchive.tpu.ru/handle/11683/74936
https://doi.org/10.3390/electronics11091512
Format: MixedMaterials Electrònic Capítol de llibre
KOHA link:https://koha.lib.tpu.ru/cgi-bin/koha/opac-detail.pl?biblionumber=668006

MARC

LEADER 00000naa0a2200000 4500
001 668006
005 20250327132557.0
035 |a (RuTPU)RU\TPU\network\39217 
035 |a RU\TPU\network\39174 
090 |a 668006 
100 |a 20220526d2022 k||y0rusy50 ba 
101 0 |a eng 
102 |a CH 
135 |a drcn ---uucaa 
181 0 |a i  
182 0 |a b 
200 1 |a Dual Phase Lock-In Amplifier with Photovoltaic Modules and Quasi-Invariant Common-Mode Signal  |f P. F. Baranov, I. A. Zatonov, Bui Duc Bien 
203 |a Text  |c electronic 
300 |a Title screen 
320 |a [References: 50 tit.] 
330 |a In measuring small voltage deviations of about 1 µV and lower, it is important to separate useful signals from noise. The measurement of small voltage deviations between the amplitudes of two AC signals in wide frequency and voltage ranges, is performed by using lock-in amplifiers with the differential input as a comparator (null-indicator). The resolution and measurement accuracy of lock-in amplifiers is largely determined by the common-mode rejection ratio in their measuring channel. This work presents a developed differential signal recovery circuit with embedded photovoltaic modules, which allows implementing the dual phase lock-in amplifier with the differential input and quasi-invariant common-mode signal. The obtained metrological parameters of the proposed dual phase analog lock-in amplifier prove its applicability in comparing two signal amplitudes of 10v2 µV to 10v2 V in the frequency range of 20 Hz to 100 kHz with a 10 nV resolution. The proposed dual phase analog lock-in amplifier was characterized by a 130 to 185 dB CMRR in the frequency range up to 100 kHz with 20 nV/vHz white noise. 
461 |t Electronics 
463 |t Vol. 11, iss. 9  |v [1512, 14 p.]  |d 2022 
610 1 |a труды учёных ТПУ 
610 1 |a электронный ресурс 
610 1 |a lock-in amplifier 
610 1 |a common-mode rejection 
610 1 |a differential signal 
610 1 |a nanovolts resolution 
610 1 |a блокирующие устройства 
610 1 |a синфазные сигналы 
610 1 |a дифференциальные сигналы 
700 1 |a Baranov  |b P. F.  |c specialist in the field of control and measurement equipment  |c Associate Professor of Tomsk Polytechnic University, Candidate of technical sciences  |f 1987-  |g Pavel Fedorovich  |3 (RuTPU)RU\TPU\pers\34618  |9 17980 
701 1 |a Zatonov  |b I. A.  |c specialist in the field of electronics  |c Electronic engineer, assistant of the Tomsk Polytechnic University  |f 1995-  |g Ivan Andreevich  |3 (RuTPU)RU\TPU\pers\36674  |9 19713 
701 0 |a Bui Duc Bien 
712 0 2 |a Национальный исследовательский Томский политехнический университет  |b Инженерная школа неразрушающего контроля и безопасности  |b Отделение электронной инженерии  |3 (RuTPU)RU\TPU\col\23507 
801 0 |a RU  |b 63413507  |c 20230331  |g RCR 
856 4 |u http://earchive.tpu.ru/handle/11683/74936 
856 4 |u https://doi.org/10.3390/electronics11091512 
942 |c CF